000 01287nam a2200397 i 4500
001 41622
003 KOSZ 005
005 20220408102130.0
008 011026s2001 pl a f f |001 0 pol
015 _aPB 2002/176
020 _a830113500X
020 _a8301134984
040 _aWA N
_cWA n
_dKOSZ 005/HR
041 0 _apol
046 _k2001
080 _a543.062
080 _a(075.8)
100 1 _aMinczewski, Jerzy
_d(1916-1995)
_eAutor
245 1 0 _aChemia analityczna.
_n2,
_pChemiczne metody analizy ilościowej /
_cJerzy Minczewski, Zygmunt Marczenko.
246 3 0 _aChemiczne metody analizy ilościowej
250 _aWyd. 9 zm.
260 _aWarszawa :
_bWydawnictwo Naukowe PWN,
_c2001.
300 _a410, [2] s. :
_bil. ;
_c24 cm.
380 _aKsiążki
380 _aPublikacje dydaktyczne
385 _mPoziom nauczania
_aSzkoły wyżzsze
388 _a2001-
504 _aBibliogr. - Indeks.
650 4 _aChemia analityczna
655 4 _aPodręczniki akademickie
658 _aChemia
700 1 _aMarczenko, Zygmunt
_d(1922-2002)
_eAutor
710 2 _aWydawnictwo Naukowe PWN
_4pbl.
856 _uhttp://koha.tu.koszalin.pl/cgi-bin/koha/opac-detail.pl?biblionumber=41622
_yKatalog online BPK
942 _2UKD
_cKS
999 _c41622
_d41622